| 000 | 00000nam 2200000za 4500 |
| 001 | 9.643801 |
| 003 | CaOODSP |
| 005 | 20240624082228 |
| 007 | cr ||||||||||| |
| 008 | 150407|1979||||xxc|||||o f|0| 0 fre d |
| 040 | |aCaOODSP|bfre |
| 043 | |an-cn--- |
| 086 | 1 |aZ1-1977/1F-PDF |
| 245 | 00|aCommission royale sur la gestion financière et l'imputabilité - rapport final |h[ressource électronique] / |cAllen Thomas Lambert, président. |
| 260 | |aOttawa : |bBureau du Conseil privé, |c1979. |
| 300 | |a173, 157, 160, 141 p. : |bgraphiques |
| 500 | |a« Mars 1979. » |
| 500 | |aPublication historique numérisée en 2009 par le Bureau du Conseil privé du Canada. |
| 590 | |a15-04-Supp|b2015-03-19 |
| 691 | 07|aAdministration publique|2gcpds |
| 691 | 07|aFinances publiques|2gcpds |
| 691 | 07|aCommission d'enquête|2gcpds |
| 710 | 1 |aCanada. |bBureau du Conseil privé. |
| 775 | 08|tRoyal Commission on Financial Management & Accountability - final report |w(CaOODSP)9.699846 |
| 856 | 40|ahttp://publications.gc.ca|qPDF|s4.53 Mo|uhttps://publications.gc.ca/collections/collection_2014/bcp-pco/Z1-1977-1-4-fra.pdf |
| 856 | 40|ahttp://publications.gc.ca|qPDF|s7.74 Mo|uhttps://publications.gc.ca/collections/collection_2014/bcp-pco/Z1-1977-1-3-fra.pdf |
| 856 | 40|ahttp://publications.gc.ca|qPDF|s8.67 Mo|uhttps://publications.gc.ca/collections/collection_2014/bcp-pco/Z1-1977-1-1-fra.pdf |
| 856 | 40|ahttp://publications.gc.ca|qPDF|s7.85 Mo|uhttps://publications.gc.ca/collections/collection_2014/bcp-pco/Z1-1977-1-2-fra.pdf |